| 000 | 00830cam a22002295a 4500 | ||
|---|---|---|---|
| 001 | L159692 | ||
| 008 | 150226s2016 xxk f 000 0 eng d | ||
| 035 | _a(Sirsi) u159692 | ||
| 041 | 0 | _aeng | |
| 100 | 1 | _aCousins, Stephen | |
| 245 | 0 | 0 | _aUnderground resistance |
| 260 | _c2017 | ||
| 490 |
_aModus _vNovember 2016, 18-21 (4) |
||
| 520 | _aExamines what needs to be done by builders and archaeologists when remains are found on a building site and reviews some archaeological finds that have been successfully excavated and used to both the archaeologist`s and the housebuilder`s benefit. | ||
| 590 | _aKA | ||
| 650 | 2 | 4 | _aARCHEAOLOGICAL SITES |
| 650 | 2 | 4 | _aAREAS OF ARCHAEOLOGICAL IMPORTANCE |
| 650 | 2 | 4 | _aHISTORICAL ARTEFACTS |
| 650 | 2 | 4 | _aSITE INVESTIGATION |
| 690 |
_aPlanning and development _96259 |
||
| 942 | _n0 | ||
| 999 |
_c84917 _d84917 |
||